[Event "Pardubice op rap 26th"]
[Site "Pardubice"]
[Date "2015.07.23"]
[Round "9"]
[White "Berezovics, Alexander"]
[Black "Petuchov, Sergej"]
[Result "1-0"]
[WhiteElo "2226"]
[BlackElo "2128"]
[PlyCount "41"]
[EventDate "2015.07.22"]
[EventType "swiss (rapid)"]
[EventRounds "9"]
[EventCountry "CZE"]
[SourceTitle "CBM 167 Extra"]
[Source "ChessBase"]
[SourceDate "2015.09.14"]
[SourceVersion "1"]
[SourceVersionDate "2015.09.14"]
[SourceQuality "1"]

1. g3 d5 2. Bg2 e5 3. d3 Nf6 4. Nd2 Nc6 5. e4 Be7 6. Nh3 dxe4 7. dxe4 Bg4 8. f3 Bxh3 9. Bxh3 Bc5 10. c3 0-0 11. Qe2 a5 12. a4 Qe7 13. Nc4 Nd7 14. Be3 Nb6 15. Nxb6 cxb6 16. 0-0 Rfd8 17. Rfd1 Qg5 18. Kf2 Qh6 19. Bg2 Rd6 20. Rd5 Ne7 21. Rxc5 1-0

[Event "Pardubice op rap 26th"]
[Site "Pardubice"]
[Date "2015.07.23"]
[Round "8"]
[White "Kiseleva, Arina"]
[Black "Petuchov, Sergej"]
[Result "0-1"]
[WhiteElo "2035"]
[BlackElo "2128"]
[PlyCount "119"]
[EventDate "2015.07.22"]
[EventType "swiss (rapid)"]
[EventRounds "9"]
[EventCountry "CZE"]
[SourceTitle "CBM 167 Extra"]
[Source "ChessBase"]
[SourceDate "2015.09.14"]
[SourceVersion "1"]
[SourceVersionDate "2015.09.14"]
[SourceQuality "1"]

1. d4 Nf6 2. Nf3 d6 3. c4 Nbd7 4. Nc3 e5 5. e4 Be7 6. Be2 0-0 7. 0-0 a5 8. Re1 Re8 9. Bf1 b6 10. h3 Bb7 11. Qc2 c6 12. Be3 Qc7 13. Rad1 Bf8 14. b3 g6 15. Kh1 Bg7 16. a3 Rad8 17. Qb1 Nh5 18. dxe5 Nxe5 19. Nd4 Qb8 20. g4 Nf6 21. Bg2 Ned7 22. f4 Nc5 23. Kg1 Nfd7 24. b4 Ne6 25. Nxe6 Rxe6 26. Bd4 Bxd4+ 27. Rxd4 axb4 28. axb4 Qa7 29. b5 Qa5 30. bxc6 Bxc6 31. Nd5 Qc5 32. Qd3 Ra8 33. Kh2 Ra3 34. Qd2 Bxd5 35. Rxd5 Qxc4 36. Rxd6 Ra2 37. Qd3 Qxd3 38. Rxd3 Nc5 39. Rd8+ Kg7 40. e5 f6 41. exf6+ Kxf6 42. Rxe6+ Kxe6 43. Kg3 Rb2 44. Bd5+ Kf6 45. g5+ Ke7 46. Rh8 Kd6 47. Bf3 b5 48. Rxh7 b4 49. Rh6 Nd3 50. Rxg6+ Kc5 51. f5 Ne1 52. Kf4 Rf2 53. Re6 Rxf3+ 54. Kg4 Rf1 55. f6 b3 56. Re2 Nd3 57. g6 Rxf6 58. Kg5 Rxg6+ 59. Kxg6 Nf4+ 60. Kf6 0-1

[Event "Pardubice op rap 26th"]
[Site "Pardubice"]
[Date "2015.07.23"]
[Round "6"]
[White "Reshef, Omer"]
[Black "Petuchov, Sergej"]
[Result "1-0"]
[WhiteElo "2410"]
[BlackElo "2128"]
[PlyCount "79"]
[EventDate "2015.07.22"]
[EventType "swiss (rapid)"]
[EventRounds "9"]
[EventCountry "CZE"]
[SourceTitle "CBM 167 Extra"]
[Source "ChessBase"]
[SourceDate "2015.09.14"]
[SourceVersion "1"]
[SourceVersionDate "2015.09.14"]
[SourceQuality "1"]

1. e4 e5 2. Nf3 d6 3. d4 Nf6 4. dxe5 Nxe4 5. Bc4 c6 6. exd6 Bxd6 7. 0-0 0-0 8. Re1 Bg4 9. h3 Bh5 10. Nbd2 Nxd2 11. Bxd2 Bg6 12. Bc3 Bc5 13. Qxd8 Rxd8 14. Ne5 Nd7 15. Nxg6 hxg6 16. Kf1 b5 17. Bb3 a5 18. a4 b4 19. Bd2 Nb6 20. Bg5 Re8 21. Rxe8+ Rxe8 22. Rd1 Kf8 23. Rd3 f6 24. Bf4 Rc8 25. h4 Ke7 26. Rg3 Nd5 27. Bc1 Kf7 28. Rd3 Ke6 29. Ke2 Ke5 30. Rg3 Kf5 31. Bc4 Nf4+ 32. Kf3 g5 33. hxg5 fxg5 34. Bxf4 gxf4 35. Rxg7 Bd4 36. Rf7+ Ke5 37. b3 Bb6 38. Rxf4 Bxf2 39. Re4+ Kf5 40. g4+ 1-0

[Event "CZE-chT2D 1314"]
[Site "Czech Republic"]
[Date "2013.11.17"]
[Round "2.5"]
[White "Ptacek, Lubos"]
[Black "Petuchov, Sergej"]
[Result "0-1"]
[WhiteElo "2092"]
[BlackElo "2118"]
[PlyCount "188"]
[EventDate "2013.11.03"]
[EventType "team-tourn"]
[EventRounds "11"]
[EventCountry "CZE"]
[SourceTitle "EXT 2016"]
[Source "ChessBase"]
[SourceDate "2015.10.08"]
[SourceVersion "1"]
[SourceVersionDate "2015.10.08"]
[SourceQuality "1"]
[WhiteTeam "Vysoke Myto"]
[BlackTeam "Pardubice AKIS"]
[WhiteTeamCountry "CZE"]
[BlackTeamCountry "CZE"]

1. e4 e5 2. Nf3 d6 3. d4 Nf6 4. Nc3 Nbd7 5. Be2 Be7 6. 0-0 0-0 7. h3 c6 8. Be3 b5 9. a3 a6 10. Nh2 Bb7 11. dxe5 dxe5 12. Ng4 Qc7 13. f3 Nxg4 14. hxg4 Bc5 15. Bxc5 Nxc5 16. Qe1 Ne6 17. g3 Rad8 18. Kg2 h6 19. Rd1 Rd4 20. Qf2 Rfd8 21. Qe3 c5 22. Na2 c4 23. c3 Rxd1 24. Rxd1 Rxd1 25. Bxd1 Qd6 26. Be2 Nc5 27. Nb4 Na4 28. Qc1 Kh7 29. Nc2 g6 30. Ne3 Kg7 31. g5 hxg5 32. Ng4 Bc8 33. Nf2 f6 34. Qc2 Nc5 35. Qc1 Bd7 36. Qe3 Na4 37. Qc1 Bc6 38. Ng4 Bd7 39. Nf2 Be6 40. Bd1 Nc5 41. Be2 Qd8 42. Qe3 Qe7 43. Bd1 Qd6 44. Be2 Qc6 45. Qd2 Qc7 46. Qe3 Na4 47. Qd2 Qd7 48. Qc1 Nc5 49. Qc2 Nb3 50. Bd1 Qd2 51. Kf1 Qe3 52. Qe2 Nd2+ 53. Kg2 Qxe2 54. Bxe2 Kf7 55. Bd1 f5 56. Bc2 Kf6 57. a4 Bd7 58. axb5 axb5 59. g4 Bc6 60. Kg3 Nf1+ 61. Kh3 Ne3 62. Bb1 Bd7 63. Kg3 f4+ 64. Kh2 Ke7 65. Nh3 Nd1 66. Ng1 Nxb2 67. Kg2 Nd1 68. Ne2 Kd6 69. Kf1 Kc5 70. Ke1 Nb2 71. Kd2 Na4 72. Bc2 Nb6 73. Nc1 b4 74. cxb4+ Kxb4 75. Na2+ Kc5 76. Nc3 Bc6 77. Bd1 Nd7 78. Nb1 Kd4 79. Nc3 Nf8 80. Ne2+ Kc5 81. Kc3 Ne6 82. Nc1 Nd4 83. Na2 Nb5+ 84. Kd2 Kd4 85. Nb4 c3+ 86. Kc1 Bb7 87. Nc2+ Kc5 88. Ne1 Nd4 89. Nd3+ Kd6 90. Nb4 Bc6 91. Na2 c2 92. Bxc2 Nxf3 93. Nc3 Nh2 94. Nd1 Bd7 0-1

[Event "CZE-chT2D 1213"]
[Site "Czech Republic"]
[Date "2013.03.24"]
[Round "11.5"]
[White "Vondra, Lukas"]
[Black "Petuchov, Sergej"]
[Result "1/2-1/2"]
[WhiteElo "2006"]
[BlackElo "2163"]
[PlyCount "21"]
[EventDate "2012.10.14"]
[EventType "team-tourn"]
[EventRounds "11"]
[EventCountry "CZE"]
[SourceTitle "EXT 2016"]
[Source "ChessBase"]
[SourceDate "2015.10.08"]
[SourceVersion "1"]
[SourceVersionDate "2015.10.08"]
[SourceQuality "1"]
[WhiteTeam "Ceska Trebova"]
[BlackTeam "Pardubice Rapid II"]
[WhiteTeamCountry "CZE"]
[BlackTeamCountry "CZE"]

1. d4 Nf6 2. Nf3 b5 3. g3 Bb7 4. Bg2 c5 5. dxc5 e6 6. b4 a5 7. c3 Bd5 8. 0-0 Nc6 9. Nd4 axb4 10. Nxc6 dxc6 11. cxb4 1/2-1/2

[Event "CZE-chT2D 1213"]
[Site "Czech Republic"]
[Date "2013.01.06"]
[Round "6.5"]
[White "Petuchov, Sergej"]
[Black "Komarek, David"]
[Result "0-1"]
[WhiteElo "2163"]
[BlackElo "2164"]
[PlyCount "74"]
[EventDate "2012.10.14"]
[EventType "team-tourn"]
[EventRounds "11"]
[EventCountry "CZE"]
[SourceTitle "EXT 2016"]
[Source "ChessBase"]
[SourceDate "2015.10.08"]
[SourceVersion "1"]
[SourceVersionDate "2015.10.08"]
[SourceQuality "1"]
[WhiteTeam "Pardubice Rapid II"]
[BlackTeam "Chrudim"]
[WhiteTeamCountry "CZE"]
[BlackTeamCountry "CZE"]

1. e4 e6 2. Qe2 b6 3. Nf3 Bb7 4. c4 g6 5. d4 Bg7 6. Nc3 Ne7 7. h4 0-0 8. h5 d5 9. hxg6 hxg6 10. Bh6 Bxh6 11. Rxh6 dxe4 12. Nxe4 Nf5 13. Rh3 Nxd4 14. Nxd4 Qxd4 15. Nc3 Na6 16. Rd1 Qf6 17. Qe3 Rfd8 18. Qh6 Nb4 19. Qc1 Qf5 20. Rd2 Qe5+ 21. Re3 Qf5 22. Rh3 Qe5+ 23. Re3 Qg5 24. a3 Rxd2 25. Qxd2 Rd8 26. Qe2 Nc6 27. Qf3 Nd4 28. Qxb7 Nc2+ 29. Ke2 Qg4+ 30. f3 Qd4 31. Nd5 Nxe3 32. Qxc7 Qxc4+ 33. Qxc4 Nxc4 34. Ne7+ Kf8 35. Nc6 Rd7 36. Kf2 Rc7 37. Nxa7 Nxa3 0-1

[Event "CZE-chT2D 1112"]
[Site "Czech Republic"]
[Date "2012.03.25"]
[Round "10"]
[White "Petuchov, Sergej"]
[Black "Daniel, Jiri"]
[Result "1/2-1/2"]
[WhiteElo "2145"]
[BlackElo "1975"]
[PlyCount "36"]
[EventDate "2011.10.09"]
[EventType "team-tourn"]
[EventRounds "11"]
[EventCountry "CZE"]
[SourceTitle "EXT 2013"]
[Source "ChessBase"]
[SourceDate "2012.11.22"]
[SourceVersion "1"]
[SourceVersionDate "2012.11.22"]
[SourceQuality "1"]
[WhiteTeam "Pardubice AKIS"]
[BlackTeam "Rychnov nad Kneznou"]
[WhiteTeamCountry "CZE"]
[BlackTeamCountry "CZE"]

1. e4 e5 2. Nf3 Nc6 3. c3 d5 4. Qa4 dxe4 5. Nxe5 Bd7 6. Nxd7 Qxd7 7. Qxe4+ Qe7 8. Qxe7+ Ngxe7 9. d4 0-0-0 10. Be2 Ng6 11. 0-0 Bd6 12. Nd2 f5 13. Bd3 Nce7 14. Re1 Rde8 15. g3 c6 16. Nc4 Bc7 17. a4 Rhf8 18. Bd2 f4 1/2-1/2

[Event "CZE-chT2D 1112"]
[Site "Czech Republic"]
[Date "2012.02.19"]
[Round "8"]
[White "Petuchov, Sergej"]
[Black "Sikora, Lukas"]
[Result "1-0"]
[WhiteElo "2145"]
[BlackElo "1947"]
[PlyCount "63"]
[EventDate "2011.10.09"]
[EventType "team-tourn"]
[EventRounds "11"]
[EventCountry "CZE"]
[SourceTitle "EXT 2013"]
[Source "ChessBase"]
[SourceDate "2012.11.22"]
[SourceVersion "1"]
[SourceVersionDate "2012.11.22"]
[SourceQuality "1"]
[WhiteTeam "Pardubice AKIS"]
[BlackTeam "Brno Lokomotiva"]
[WhiteTeamCountry "CZE"]
[BlackTeamCountry "CZE"]

1. e4 c5 2. Nf3 d6 3. Bb5+ Bd7 4. Bxd7+ Qxd7 5. 0-0 g6 6. c3 Bg7 7. d4 Nf6 8. e5 Nd5 9. exd6 Qxd6 10. dxc5 Qxc5 11. Qb3 Nb6 12. Be3 Qa5 13. Re1 e6 14. Bd4 0-0 15. Bxg7 Kxg7 16. Re4 N8d7 17. Qc2 Rad8 18. Nbd2 Nf6 19. Rh4 Qf5 20. Qc1 Rd7 21. Nf1 Rfd8 22. Qh6+ Kg8 23. Ne3 Qc5 24. h3 Nbd5 25. Ne5 Rc7 26. N3g4 Qf8 27. c4 Qxh6 28. Nxh6+ Kg7 29. cxd5 g5 30. Nhxf7 Rxf7 31. Nxf7 Rxd5 32. Nxg5 1-0

[Event "CZE-chT2D 1112"]
[Site "Czech Republic"]
[Date "2011.10.09"]
[Round "1"]
[White "Petuchov, Sergej"]
[Black "Pecinka, Martin"]
[Result "1-0"]
[WhiteElo "2145"]
[BlackElo "2067"]
[PlyCount "69"]
[EventDate "2011.10.09"]
[EventType "team-tourn"]
[EventRounds "11"]
[EventCountry "CZE"]
[SourceTitle "EXT 2013"]
[Source "ChessBase"]
[SourceDate "2012.11.22"]
[SourceVersion "1"]
[SourceVersionDate "2012.11.22"]
[SourceQuality "1"]
[WhiteTeam "Pardubice AKIS"]
[BlackTeam "Usti nad Orlici"]
[WhiteTeamCountry "CZE"]
[BlackTeamCountry "CZE"]

1. e4 c5 2. Nf3 d6 3. Bb5+ Bd7 4. Bxd7+ Qxd7 5. 0-0 Nc6 6. c3 Nf6 7. Qe2 g6 8. Rd1 Bg7 9. d4 cxd4 10. cxd4 0-0 11. d5 Nb4 12. Nc3 Rac8 13. Be3 a5 14. a3 Na6 15. e5 Ng4 16. Bd4 Nc5 17. h3 Nxe5 18. Nxe5 dxe5 19. Bxe5 Bxe5 20. Qxe5 Qc7 21. Qe2 Rfe8 22. Rac1 Nb3 23. Rc2 Qc4 24. Qe1 b5 25. Re2 b4 26. Ne4 Kf8 27. Ng5 Qb5 28. Nxh7+ Kg7 29. Ng5 Qd7 30. axb4 axb4 31. Qxb4 Rb8 32. Qc3+ Kg8 33. Qf3 e5 34. Ne4 Qd8 35. Nf6+ 1-0

[Event "CZE-chT2D 1011"]
[Site "Czech Republic"]
[Date "2010.11.21"]
[Round "3"]
[White "Seitler, Andrej"]
[Black "Petuchov, Sergej"]
[Result "1/2-1/2"]
[WhiteElo "2233"]
[BlackElo "2160"]
[PlyCount "109"]
[EventDate "2010.10.17"]
[EventType "team-tourn"]
[EventRounds "11"]
[EventCountry "CZE"]
[SourceTitle "EXT 2012"]
[Source "ChessBase"]
[SourceDate "2011.11.24"]
[SourceVersion "1"]
[SourceVersionDate "2011.11.24"]
[SourceQuality "1"]
[WhiteTeam "Brno Lokomotiva"]
[BlackTeam "Pardubice AKIS"]
[WhiteTeamCountry "CZE"]
[BlackTeamCountry "CZE"]

1. d4 Nf6 2. Nf3 g6 3. Bg5 Bg7 4. Nbd2 0-0 5. e4 d6 6. Bd3 Nbd7 7. 0-0 e5 8. c3 c6 9. Qe2 Qc7 10. Rfd1 Re8 11. dxe5 dxe5 12. Nc4 b5 13. Ne3 Nc5 14. Qc2 a5 15. b4 Nxd3 16. Qxd3 Be6 17. bxa5 Rxa5 18. c4 b4 19. Nc2 c5 20. a3 Rea8 21. axb4 Rxa1 22. Rxa1 Rxa1+ 23. Nxa1 cxb4 24. Nd2 h6 25. Be3 Ng4 26. Nc2 Bf8 27. h3 Nxe3 28. Nxe3 Qa5 29. Nb3 Qa2 30. Nd5 f5 31. Qg3 Bxd5 32. cxd5 Kf7 33. exf5 Qb1+ 34. Kh2 Qxf5 35. Nd2 Qf4 36. Qxf4+ exf4 37. g3 Kf6 38. gxf4 Kf5 39. Kg3 Bd6 40. Kf3 Bxf4 41. Nc4 Bc1 42. d6 Bg5 43. d7 Ke6 44. Ke4 Bf6 45. Nb6 Bd8 46. Nc4 g5 47. Ne5 b3 48. Nd3 Kd6 49. Kd4 Kxd7 50. Nc5+ Ke7 51. Nxb3 Bb6+ 52. Ke4 Bxf2 53. Kf5 Kf7 54. Nd2 Be3 55. Nf3 1/2-1/2

[Event "CZE-chT2D 0910"]
[Site "Czech Republic"]
[Date "2010.01.31"]
[Round "6.5"]
[White "Pavlicek, Robert"]
[Black "Petuchov, Sergej"]
[Result "0-1"]
[WhiteElo "1995"]
[BlackElo "2164"]
[PlyCount "46"]
[EventDate "2009.10.18"]
[EventType "team-tourn"]
[EventRounds "11"]
[EventCountry "CZE"]
[SourceTitle "EXT 2012"]
[Source "ChessBase"]
[SourceDate "2011.11.24"]
[SourceVersion "1"]
[SourceVersionDate "2011.11.24"]
[SourceQuality "1"]
[WhiteTeam "Pelhrimov"]
[BlackTeam "Pardubice AKIS"]
[WhiteTeamCountry "CZE"]
[BlackTeamCountry "CZE"]

1. e4 e5 2. Nf3 d6 3. d4 Nf6 4. Nc3 Nbd7 5. Bc4 Be7 6. Bxf7+ Kxf7 7. Ng5+ Kg8 8. Ne6 Qe8 9. Nxc7 Qg6 10. Nxa8 Qxg2 11. Rf1 exd4 12. Qxd4 Ne5 13. f4 Bh3 14. Qf2 Qg6 15. fxe5 Nxe4 16. Qf4 Nxc3 17. bxc3 dxe5 18. Qc4+ Be6 19. Qd3 Bh4+ 20. Rf2 Qg1+ 21. Kd2 Qxf2+ 22. Qe2 Bg5+ 23. Kd1 Qg1+ 0-1

[Event "CZE-chT2D 0910"]
[Site "Czech Republic"]
[Date "2009.11.22"]
[Round "3.7"]
[White "Petuchov, Sergej"]
[Black "Bukacek, Lubomir"]
[Result "0-1"]
[WhiteElo "2164"]
[BlackElo "2038"]
[PlyCount "64"]
[EventDate "2009.10.18"]
[EventType "team-tourn"]
[EventRounds "11"]
[EventCountry "CZE"]
[SourceTitle "EXT 2012"]
[Source "ChessBase"]
[SourceDate "2011.11.24"]
[SourceVersion "1"]
[SourceVersionDate "2011.11.24"]
[SourceQuality "1"]
[WhiteTeam "Pardubice AKIS"]
[BlackTeam "Zdar nad Sazavou"]
[WhiteTeamCountry "CZE"]
[BlackTeamCountry "CZE"]

1. e4 d6 2. d4 Nd7 3. f4 c5 4. c3 e6 5. Nf3 g6 6. Bd3 Bg7 7. Be3 Ne7 8. 0-0 0-0 9. Nbd2 b6 10. f5 exf5 11. exf5 Nf6 12. fxg6 fxg6 13. Qb3+ Kh8 14. Ng5 Ned5 15. Bf2 Qc7 16. Bc4 Qc6 17. Bb5 Qb7 18. c4 Nc7 19. Qg3 Nxb5 20. cxb5 Qd5 21. Qh4 Bb7 22. Ndf3 c4 23. a4 Rae8 24. Rae1 h6 25. Nh3 Nh5 26. Rxe8 Rxe8 27. Nf4 Nxf4 28. Qxf4 Rf8 29. Qg3 Qh5 30. Qxd6 Rxf3 31. Qb8+ Rf8 32. Qxb7 Qe2 0-1

[Event "CZE-chT2C 0809"]
[Site "Czech Republic"]
[Date "2009.03.22"]
[Round "10.3"]
[White "Korenova, Martina"]
[Black "Petuchov, Sergej"]
[Result "1-0"]
[WhiteElo "2238"]
[BlackElo "2176"]
[PlyCount "49"]
[EventDate "2008.10.12"]
[EventType "tourn"]
[EventRounds "11"]
[EventCountry "CZE"]
[SourceTitle "EXT 2010"]
[Source "ChessBase"]
[SourceDate "2010.11.25"]
[SourceVersion "1"]
[SourceVersionDate "2010.11.25"]
[SourceQuality "1"]
[WhiteTeam "Ricany"]
[BlackTeam "Rapid"]
[WhiteTeamCountry "CZE"]
[BlackTeamCountry "CZE"]

1. e4 e5 2. Nf3 d6 3. Bc4 c6 4. 0-0 Nf6 5. d3 Be7 6. Nbd2 0-0 7. Re1 b5 8. Bb3 a5 9. c3 Na6 10. Nf1 Nc5 11. Bc2 Ne6 12. d4 Qc7 13. Ne3 g6 14. b3 Nf4 15. g3 Nh3+ 16. Kg2 Ng4 17. Nxg4 Bxg4 18. Bh6 f5 19. exf5 gxf5 20. dxe5 f4 21. Qd3 Bf5 22. Qd2 fxg3 23. fxg3 Bxc2 24. Qxc2 Rf7 25. Qe4 1-0

[Event "CZE-chT2C 0809"]
[Site "Czech Republic"]
[Date "2009.01.25"]
[Round "7.4"]
[White "Londyn, Radek"]
[Black "Petuchov, Sergej"]
[Result "1-0"]
[WhiteElo "2293"]
[BlackElo "2176"]
[PlyCount "63"]
[EventDate "2008.10.12"]
[EventType "tourn"]
[EventRounds "11"]
[EventCountry "CZE"]
[SourceTitle "EXT 2010"]
[Source "ChessBase"]
[SourceDate "2010.11.25"]
[SourceVersion "1"]
[SourceVersionDate "2010.11.25"]
[SourceQuality "1"]
[WhiteTeam "Lysa nad Labem II"]
[BlackTeam "Rapid"]
[WhiteTeamCountry "CZE"]
[BlackTeamCountry "CZE"]

1. Nf3 Nf6 2. c4 d6 3. d4 Nbd7 4. Nc3 e5 5. g3 a5 6. Bg2 Be7 7. 0-0 0-0 8. h3 exd4 9. Nxd4 Nc5 10. Nb3 Nxb3 11. Qxb3 Re8 12. Rd1 Nd7 13. Nd5 Nc5 14. Qc2 Bf8 15. Be3 Nd7 16. Bd4 c6 17. Nc3 Qg5 18. Kh2 f5 19. f4 Qg6 20. e4 fxe4 21. Nxe4 d5 22. cxd5 c5 23. Bf2 b6 24. Rac1 Ba6 25. Ng5 Re2 26. Rd2 Rxd2 27. Qxd2 Re8 28. Re1 Nf6 29. Kg1 Bd6 30. Re6 Rd8 31. Qe1 Qc2 32. Rxf6 1-0

[Event "CZE-chT2C 0809"]
[Site "Czech Republic"]
[Date "2008.11.09"]
[Round "2.5"]
[White "Korol, Jiri"]
[Black "Petuchov, Sergej"]
[Result "0-1"]
[WhiteElo "2123"]
[BlackElo "2176"]
[PlyCount "68"]
[EventDate "2008.10.12"]
[EventType "tourn"]
[EventRounds "11"]
[EventCountry "CZE"]
[SourceTitle "EXT 2010"]
[Source "ChessBase"]
[SourceDate "2010.11.25"]
[SourceVersion "1"]
[SourceVersionDate "2010.11.25"]
[SourceQuality "1"]
[WhiteTeam "Polabiny III"]
[BlackTeam "Rapid"]
[WhiteTeamCountry "CZE"]
[BlackTeamCountry "CZE"]

1. e4 e5 2. Nf3 d6 3. d4 Nf6 4. Nc3 Nbd7 5. Bc4 Be7 6. Bxf7+ Kxf7 7. Ng5+ Kg8 8. Ne6 Qe8 9. Nxc7 Qg6 10. 0-0 Rb8 11. f4 Bd8 12. dxe5 dxe5 13. Qd3 Qf7 14. N7d5 h6 15. Be3 b6 16. fxe5 Nxe5 17. Qd4 Nc6 18. Qa4 Bd7 19. Rad1 Rb7 20. Qa6 Bg4 21. Rd2 Kh7 22. Bf4 Re8 23. Bg3 Bc8 24. Qc4 Qe6 25. Re1 Nh5 26. Red1 Bg5 27. Rd3 Nxg3 28. Rxg3 Ne5 29. Qe2 Rf7 30. Qh5 Kg8 31. Nb5 Qc6 32. Nbc7 Qc5+ 33. Kh1 Ref8 34. h4 Rf1+ 0-1

[Event "CZE-chT2C 0809"]
[Site "Czech Republic"]
[Date "2008.10.12"]
[Round "1.4"]
[White "Petuchov, Sergej"]
[Black "Srejber, Michal"]
[Result "1/2-1/2"]
[WhiteElo "2176"]
[BlackElo "2137"]
[PlyCount "69"]
[EventDate "2008.10.12"]
[EventType "tourn"]
[EventRounds "11"]
[EventCountry "CZE"]
[SourceTitle "EXT 2010"]
[Source "ChessBase"]
[SourceDate "2010.11.25"]
[SourceVersion "1"]
[SourceVersionDate "2010.11.25"]
[SourceQuality "1"]
[WhiteTeam "Rapid"]
[BlackTeam "Vrchlabi"]
[WhiteTeamCountry "CZE"]
[BlackTeamCountry "CZE"]

1. e4 c5 2. Nf3 e6 3. d4 cxd4 4. Nxd4 a6 5. Bd3 Bc5 6. Nb3 Ba7 7. Bf4 d6 8. 0-0 Ne7 9. Bxd6 Nbc6 10. e5 Ng6 11. Bxg6 hxg6 12. Nc3 Qg5 13. Qe2 Bd7 14. Ne4 Qf4 15. g3 Qf5 16. Bc5 Bxc5 17. Nbxc5 Qh3 18. f4 Nd4 19. Qd2 Bc6 20. c3 Nf5 21. Ng5 Qh5 22. Nce4 Rd8 23. Qf2 Rd3 24. Rfe1 Bb5 25. Rac1 Bc4 26. b3 Bb5 27. c4 Bc6 28. Rc3 Rd4 29. Rc2 0-0 30. Rce2 Rd3 31. Rd2 Rfd8 32. Rxd3 Rxd3 33. h3 Bxe4 34. Nxe4 Qxh3 35. Qg2 1/2-1/2

[Event "CZE-chT2d 0607"]
[Site "Czech Republic"]
[Date "2007.04.15"]
[Round "11"]
[White "Vecera, Pavel"]
[Black "Petuchov, Sergej"]
[Result "1-0"]
[WhiteElo "2146"]
[BlackElo "2236"]
[PlyCount "67"]
[EventDate "2006.10.15"]
[EventType "team-tourn"]
[EventRounds "11"]
[EventCountry "CZE"]
[SourceTitle "EXT 2009"]
[Source "ChessBase"]
[SourceDate "2008.11.26"]
[SourceVersion "1"]
[SourceVersionDate "2008.11.26"]
[SourceQuality "1"]

1. e4 e5 2. Nf3 d6 3. d4 Nf6 4. dxe5 Nxe4 5. Bc4 c6 6. 0-0 d5 7. Bd3 Nc5 8. Be2 Be7 9. Be3 Nbd7 10. c4 Nb6 11. b4 Ne6 12. c5 Nd7 13. Nbd2 0-0 14. Nb3 Qc7 15. Qd2 f6 16. exf6 Bxf6 17. Rae1 Ne5 18. Nxe5 Bxe5 19. g3 Bf6 20. f4 h6 21. Qd3 Rd8 22. f5 Ng5 23. Bxg5 hxg5 24. Bh5 Bd7 25. Qf3 Be8 26. Bg6 Bf7 27. Qh5 Kf8 28. Qh8+ Bg8 29. Re6 d4 30. Rfe1 Qd7 31. Rxf6+ gxf6 32. Qxf6+ Bf7 33. Qh8+ Bg8 34. f6 1-0

[Event "Pardubice op-E"]
[Site "Pardubice"]
[Date "2006.07.16"]
[Round "4"]
[White "Prymula, Roman"]
[Black "Petuchov, Sergej"]
[Result "1-0"]
[WhiteElo "2271"]
[BlackElo "2214"]
[PlyCount "101"]
[EventDate "2006.07.13"]
[EventType "swiss"]
[EventRounds "7"]
[EventCountry "CZE"]
[SourceTitle "CBM 113 Extra"]
[Source "ChessBase"]
[SourceDate "2006.09.14"]
[SourceVersion "1"]
[SourceVersionDate "2006.09.14"]
[SourceQuality "1"]

1. d4 Nf6 2. Nf3 d6 3. Bg5 Nbd7 4. Nbd2 c6 5. c3 Qc7 6. e4 e5 7. Bd3 Be7 8. 0-0 0-0 9. h3 Re8 10. Qc2 Nf8 11. dxe5 dxe5 12. Nc4 Ng6 13. Rfe1 b5 14. Ne3 h6 15. Bxf6 Bxf6 16. Bf1 Nf4 17. Kh2 g6 18. a4 bxa4 19. Rxa4 Be6 20. g3 Nh5 21. Bc4 Ng7 22. Rea1 Re7 23. Ra5 Qc8 24. Bxe6 Qxe6 25. Ng4 h5 26. Nxf6+ Qxf6 27. Kg2 g5 28. Qe2 h4 29. Qe3 hxg3 30. fxg3 Ne6 31. Rxa7 Rb8 32. b4 c5 33. Rxe7 Qxe7 34. Nxe5 cxb4 35. Nc6 Qb7 36. Nxb8 bxc3 37. Qxc3 Qxb8 38. Qf6 Qb7 39. Qe5 Kh7 40. Ra2 Qd7 41. Rf2 Kg8 42. Qf6 Qb7 43. Kh2 Qc7 44. Ra2 Kh7 45. e5 Qb7 46. h4 gxh4 47. gxh4 Qc7 48. Rg2 Qd7 49. h5 Qd8 50. h6 Qd7 51. Rg3 1-0

[Event "CZE-chT2c 0506"]
[Site "Czech Republic"]
[Date "2006.02.26"]
[Round "8.5"]
[White "Urbanek, Stepan"]
[Black "Petuchov, Sergej"]
[Result "1/2-1/2"]
[WhiteElo "2098"]
[BlackElo "2206"]
[PlyCount "89"]
[EventDate "2005.10.16"]
[EventType "team-tourn"]
[EventRounds "11"]
[EventCountry "CZE"]
[SourceTitle "EXT 2009"]
[Source "ChessBase"]
[SourceDate "2008.11.26"]
[SourceVersion "1"]
[SourceVersionDate "2008.11.26"]
[SourceQuality "1"]
[WhiteTeam "Praha Pankrac II"]
[BlackTeam "AVE Kontakt"]
[WhiteTeamCountry "CZE"]
[BlackTeamCountry "CZE"]

1. d4 Nf6 2. c4 d6 3. Nc3 Nbd7 4. e4 e5 5. Nf3 Be7 6. Be2 c6 7. 0-0 0-0 8. Qc2 a5 9. h3 Re8 10. Be3 Qc7 11. Rac1 Bf8 12. d5 g6 13. g4 Bg7 14. a3 h5 15. Nh2 hxg4 16. hxg4 a4 17. g5 Nh7 18. Nxa4 cxd5 19. exd5 Qd8 20. c5 dxc5 21. Nxc5 Nxc5 22. Qxc5 Nxg5 23. Rfd1 Nh3+ 24. Kh1 Ra5 25. Qxc8 Qxc8 26. Rxc8 Rxc8 27. Bg4 f5 28. Bxh3 Rd8 29. d6 Rd7 30. Bf1 Bf8 31. Bb6 Ra8 32. Bc5 Rc8 33. Bb5 Rdd8 34. b4 b6 35. Bxb6 Rxd6 36. Rxd6 Bxd6 37. Nf3 Rb8 38. Bc4+ Kg7 39. Ba5 Kf6 40. Kg2 g5 41. Nd2 e4 42. b5 Bxa3 43. Bc7 Rb7 44. b6 Bc5 45. Bd5 1/2-1/2